Наглядная геометрия: пер. с нем.

Podrobná bibliografie
Hlavní autor: Гильберт Д. Давид
Další autoři: Кон-Фоссен С. Стефан
Jazyk:ruština
Vydáno: Москва, Наука, 1981
Vydání:3-е изд.
Témata:
Médium: MixedMaterials Kniha
KOHA link:https://koha.lib.tpu.ru/cgi-bin/koha/opac-detail.pl?biblionumber=212763

MARC

LEADER 00000nam0a2200000 4500
001 212763
005 20231031192945.0
035 |a (RuTPU)RU\TPU\book\232443 
090 |a 212763 
100 |a 20120402d1981 k y0rusy50 ca 
101 1 |a rus  |c ger 
102 |a RU 
105 |a a z 001zy 
200 1 |a Наглядная геометрия  |e пер. с нем.  |f Д. Гильберт, С. Кон-Фоссен 
205 |a 3-е изд. 
210 |a Москва  |c Наука  |d 1981 
215 |a 344 с.  |c ил. 
320 |a Предметный указатель: с. 341-344. 
610 1 |a геометрия 
610 1 |a кривые 
610 1 |a поверхности 
610 1 |a точечные решетки 
610 1 |a конфигурации 
610 1 |a кинематика 
610 1 |a топология 
675 |a 514  |v 3 
700 1 |a Гильберт  |b Д.  |g Давид 
701 1 |a Кон-Фоссен  |b С.  |g Стефан 
801 1 |a RU  |b 63413507  |c 20120402 
801 2 |a RU  |b 63413507  |c 20120409  |g RCR 
942 |c BK